| 000 | 00334nam a2200133Ia 4500 | ||
|---|---|---|---|
| 008 | 191201s2009 xx 000 0 und d | ||
| 082 |
_a660.6 _bDEB |
||
| 100 | _aDESWAL, Surender | ||
| 245 | 0 | _aBasics of Biotechnology | |
| 260 |
_aN.Delhi _bDhanpat Rai Pubns (P) Ltd _c2009 |
||
| 300 | _amiosc. | ||
| 650 | _aApplied | ||
| 942 |
_2ddc _cBK |
||
| 999 |
_c3237 _d3237 |
||